|
|
|
|
| LEADER |
00000nam a2200000Ia 4500 |
| 008 |
170516b1998 xxu||||| |||| 00| | spa d |
| 999 |
|
|
|c 1223
|d 1223
|
| 090 |
|
|
|a 01.02.01
|b 476
|
| 100 |
1 |
|
|a Gutiérrez Pérez, Francisco
|9 2745
|
| 245 |
1 |
0 |
|a Construyamos la integración centroamericana /
|c Francisco Gutiérrez
|
| 260 |
|
|
|a [s.l.] :
|b Editorialpec,
|c 1998
|
| 300 |
|
|
|a 70 páginas
|
| 650 |
1 |
4 |
|a INTEGRACIÓN CULTURAL
|9 2286
|
| 650 |
1 |
4 |
|9 2474
|a INTEGRACIÓN REGIONAL
|
| 650 |
1 |
4 |
|9 2473
|a INTEGRACIÓN ECONÓMICA
|
| 650 |
1 |
4 |
|9 2746
|a INTEGRACIÓN INDUSTRIAL
|
| 650 |
1 |
4 |
|a INTEGRACIÓN POLÍTICA
|9 2747
|
| 942 |
|
|
|i 00934
|h 01.02.01 476
|2 z
|c 01
|